Catalog

Record Details

Catalog Search



Angel of vengeance : Pendergast Cover Image Large Print Book Large Print Book

Angel of vengeance : Pendergast/ Douglas Preston & Lincoln Child.

Preston, Douglas J.,: (author.). Child, Lincoln,: (author.).

Summary:

"A desperate bargain is broken... Constance Greene confronts Manhattan's most dangerous serial killer, Enoch Leng, bartering for her sister's life - but she is betrayed and turned away empty-handed, incandescent with rage. A clever trap is set... Unknown to Leng, Pendergast's brother, Diogenes, appears unexpectedly, offering to help-for mysterious reasons of his own. Disguised as a cleric, Diogenes establishes himself in New York's notorious Five Points slum, manipulating events like a chess master, watching Leng's every move...and awaiting his own chance to strike. A vengeful angel will not be deterred... Meanwhile, as Pendergast focuses on saving the unstable Constance in her fanatical quest for vengeance, she strikes out on her own: to rescue her beloved siblings from a tragic fate and take savage retribution on Leng. But Leng is one step ahead and has a surprise for them all..." -- Provided by publisher.

Record details

  • ISBN: 9781538768754
  • ISBN: 1538768755
  • Physical Description: 463 pages (large print) ; 23 cm.
  • Edition: Large print edition.
  • Publisher: New York : Grand Central Publishing, 2024.
Subject: Pendergast, Aloysius (Fictitious character) > Fiction.
Serial murderers > Fiction.
Revenge > Fiction.
Siblings > Fiction.
Brothers > Fiction.
Sisters > Fiction.
Kidnapping > Fiction.
Genre: Thrillers (Fiction)
Detective and mystery fiction.
Novels.
Large print books.

Available copies

  • 1 of 1 copy available at scottsboropl.

Holds

  • 0 current holds with 1 total copy.
Show Only Available Copies
Location Call Number / Copy Notes Barcode Shelving Location Status Due Date
scottsboropl F Pre 32269001258105 Young Adult - Fiction Available -

LDR 03204cam a22006378i 4500
001163996
003SBPL
00520240813100923.0
008240603t20242024nyu d 000 1 eng
020 . ‡a9781538768754 ‡q(large print ; ‡qpaperback)
020 . ‡a1538768755 ‡q(large print ; ‡qpaperback)
035 . ‡a(OCoLC)1437385327
08204. ‡a813 ‡223
1001 . ‡aPreston, Douglas J.,: ‡eauthor.
24510. ‡aAngel of vengeance : ‡bPendergast/ ‡cDouglas Preston & Lincoln Child.
250 . ‡aLarge print edition.
263 . ‡a2408
264 1. ‡aNew York : ‡bGrand Central Publishing, ‡c2024.
300 . ‡a463 pages (large print) ; ‡c23 cm.
336 . ‡atext ‡btxt ‡2rdacontent
337 . ‡aunmediated ‡bn ‡2rdamedia
338 . ‡avolume ‡bnc ‡2rdacarrier
340 . ‡nlarge print ‡2rdafs
4901 . ‡aA Pendergast Novel ; ‡vbk 22
520 . ‡a"A desperate bargain is broken... Constance Greene confronts Manhattan's most dangerous serial killer, Enoch Leng, bartering for her sister's life - but she is betrayed and turned away empty-handed, incandescent with rage. A clever trap is set... Unknown to Leng, Pendergast's brother, Diogenes, appears unexpectedly, offering to help-for mysterious reasons of his own. Disguised as a cleric, Diogenes establishes himself in New York's notorious Five Points slum, manipulating events like a chess master, watching Leng's every move...and awaiting his own chance to strike. A vengeful angel will not be deterred... Meanwhile, as Pendergast focuses on saving the unstable Constance in her fanatical quest for vengeance, she strikes out on her own: to rescue her beloved siblings from a tragic fate and take savage retribution on Leng. But Leng is one step ahead and has a surprise for them all..." -- ‡cProvided by publisher.
60010. ‡aPendergast, Aloysius ‡c(Fictitious character) ‡vFiction.
650 0. ‡aSerial murderers ‡vFiction.
650 0. ‡aRevenge ‡vFiction.
650 0. ‡aSiblings ‡vFiction.
650 0. ‡aBrothers ‡vFiction.
650 0. ‡aSisters ‡vFiction.
650 0. ‡aKidnapping ‡vFiction.
655 7. ‡aThrillers (Fiction) ‡2lcgft
655 7. ‡aDetective and mystery fiction. ‡2lcgft
655 7. ‡aNovels. ‡2lcgft
655 7. ‡aLarge print books. ‡2lcgft
7001 . ‡aChild, Lincoln,: ‡eauthor.
8001 . ‡aPreston, Douglas J. ‡tPendergast novel ; ‡vBk 22.
901 . ‡a163996 ‡bAUTOGEN ‡c163996 ‡tbiblio

Additional Resources